[Event "NOR-ch Women 2019"]
[Site "Bekkestua"]
[Date "2019.03.16"]
[Round "3.2"]
[White "Kyrkjebo, Hanna B."]
[Black "Bjorkly, Sara Marie Skaug"]
[Result "1-0"]
[WhiteElo "1896"]
[BlackElo "1368"]
[Annotator "NA RC"]
[PlyCount "81"]
[EventDate "2019.03.15"]
[EventType "swiss"]
[EventCountry "NOR"]
[SourceTitle "playchess.com"]
[Source "ChessBase"]
[SourceQuality "1"]
[TimeControl "5400+30"]

1. e4 {[%emt 0:00:33]} d5 {[%emt 0:00:44]} 2. exd5 {[%emt 0:00:35]} Nf6 {[%emt 0:00:45]} 3. Bb5+ {[%emt 0:00:51]} Bd7 {[%emt 0:00:51]} 4. Be2 {[%emt 0:00:51]} Nxd5 {[%emt 0:01:52]} 5. d4 {[%emt 0:00:55]} e6 {[%emt 0:03:13]} 6. Nf3 {[%emt 0:01:08]} Be7 {[%emt 0:04:45]} 7. O-O {[%emt 0:02:27] B01: Scandinavian Defence} O-O {[%emt 0:02:02]} 8. c4 {[%emt 0:01:01]} Nf6 {[%emt 0:00:55]} 9. Nc3 {[%emt 0:01:01]} c6 {[%emt 0:03:07]} (9... c5 10. d5 exd5 11. cxd5 Bg4 12. Qb3 b6 13. h3 Bh5 14. Rd1 Bd6 {1-0 (72) Bueno,A (2303)-Di Berardino,D (2492) Sao Paulo 2010}) 10. Bf4 {[%emt 0:03:45]} Bc8 $146 {[%emt 0:08:19]} ({Predecessor:} 10... Na6 11. a3 Nc7 12. Ne5 Be8 13. Bf3 Bd6 14. Qe2 Qe7 {1-0 (35) Kun,G (2336)-Banki Horvath,I (2202) Hungary 2012}) 11. h3 {[%emt 0:02:17]} Bd6 {[%emt 0:01:57]} 12. Ne5 {[%emt 0:04:35]} Nbd7 {[%emt 0:05:23]} 13. Nxc6 {[%emt 0:05:35]} bxc6 {[%emt 0:01:28]} 14. Bxd6 {[%emt 0:00:49]} Re8 {[%emt 0:01:13]} 15. Bf3 {[%emt 0:05:40]} Ba6 {[%emt 0:04:04]} 16. Bxc6 {[%emt 0:10:31]} Bxc4 {[%emt 0:02:35]} (16... Rc8 {was necessary.}) 17. Re1 {[%emt 0:03:04]} ({But not} 17. Bxa8 $6 Bxf1 18. Bf3 (18. Qxf1 Qxa8 19. Rc1 Rc8 $16) 18... Qb6 $16) 17... Nb6 {[%emt 0:08:27]} 18. Bxa8 {[%emt 0:10:54]} Qxd6 {[%emt 0:03:28]} 19. Bf3 {[%emt 0:01:38]} Rd8 {[%emt 0:02:09]} 20. b3 {[%emt 0:04:04]} Ba6 {[%emt 0:01:10]} 21. Ne4 {[%emt 0:05:59]} Nxe4 {[%emt 0:02:30]} 22. Rxe4 {[%emt 0:03:08]} Bb7 {[%emt 0:02:17]} 23. Re1 {[%emt 0:01:07]} Nd5 {[%emt 0:01:38]} 24. Rc1 {[%emt 0:02:23]} Qb4 {[%emt 0:02:16]} 25. Rc4 {[%emt 0:03:41]} Qa5 {[%emt 0:01:58]} 26. a4 {[%emt 0:07:30]} Ba6 $2 {[%emt 0:09:34]} (26... Qa6 {keeps fighting.} 27. Qe2 Qb6) 27. Rc5 {[%emt 0:02:32]} Qb6 {[%emt 0:06:05]} 28. Bxd5 {[%emt 0:01:24]} exd5 {[%emt 0:01:01]} 29. Rxd5 {[%emt 0:02:52]} Rf8 {[%emt 0:01:28]} 30. Rde5 {[%emt 0:00:56]} Bc8 {[%emt 0:02:12]} 31. d5 {[%emt 0:01:31]} Qd6 {[%emt 0:01:57]} 32. Qf3 {[%emt 0:01:39]} Bb7 {[%emt 0:03:47]} 33. Qe3 {[%emt 0:02:56]} h6 {[%emt 0:03:09]} 34. Qxa7 {[%emt 0:02:39]} Bxd5 $18 {[%emt 0:02:02]} 35. Qd4 {[%emt 0:01:54]} Rd8 {[%emt 0:02:13]} 36. Re8+ {[%emt 0:01:11]} Rxe8 {[%emt 0:01:37]} 37. Rxe8+ {[%emt 0:00:33]} Kh7 {[%emt 0:00:47]} 38. Re5 {[%emt 0:00:40]} Qc6 {[%emt 0:01:17]} 39. Rxd5 {[%emt 0:00:43]} Qc1+ {[%emt 0:01:22]} 40. Qd1 {[%emt 0:00:51]} Qxd1+ {[%emt 0:00:41]} 41. Rxd1 {[%emt 0:00:36]} 1-0

[Event "NOR-ch Women 2019"]
[Site "Bekkestua"]
[Date "2019.03.16"]
[Round "3.3"]
[White "Dolzhikova, Olga"]
[Black "Landsverk, Ida"]
[Result "1-0"]
[WhiteElo "2223"]
[BlackElo "1369"]
[Annotator "TA"]
[PlyCount "61"]
[EventDate "2019.03.15"]
[EventType "swiss"]
[EventCountry "NOR"]
[SourceTitle "playchess.com"]
[Source "ChessBase"]
[SourceQuality "1"]

{[%evp 9,61,5,20,13,35,0,-4,-36,-32,-41,-33,-47,-4,-14,0,-4,18,0,18,0,0,0,22,0,0,-27,-33,-33,-32,-38,-8,-30,-21,-20,-8,-28,-16,-40,-27,-24,-23,-54,75,77,489,489,482,475,602,590,579,544,29983,29970]} 1. g3 Nf6 2. Bg2 g6 3. e4 d6 4. d4 Bg7 5. h3 (5. Nc3 O-O 6. Nge2 Nc6 7. h3 a6 8. O-O e5 9. Be3 exd4 10. Nxd4 Bd7 11. Nde2 Re8 12. g4 Be6 13. Ng3 b5 14. Nd5 Bxd5 15. exd5 {½-½ (86) Huzman,A (2580)-Guseinov,G (2664) St Petersburg 2018}) 5... Nbd7 6. Be3 {B06: Modern Defence} Rb8 $146 ({Predecessor:} 6... c6 7. Nc3 Qb6 8. Rb1 O-O 9. Qd2 Qc7 10. Nf3 b6 11. O-O Bb7 12. Nh4 c5 {0-1 (28) Carrasco Cea,J (1842)-Deda,A (1935) Maribor 2012}) 7. Qd2 b5 {[%cal Bb7b5,Bb5b4][%mdl 32]} 8. Bh6 {The position is equal.} O-O 9. Bxg7 Kxg7 10. Ne2 b4 11. O-O Bb7 12. Qe3 a5 {[%cal Ba7a5,Ba5a4][%mdl 32]} 13. Nd2 Ba6 14. Rfe1 e5 15. Rad1 Qc8 16. dxe5 dxe5 17. Nb3 a4 18. Nc5 Nxc5 19. Qxc5 Re8 (19... Rd8 {with more complications.} 20. Nc1 Rb5 21. Qe3 Rb6 22. Qc5 Rxd1 23. Rxd1 Nd7) 20. Nc1 Nd7 21. Qe3 Nf8 22. Nd3 Bxd3 23. Qxd3 Rd8 24. Qc4 Ne6 25. Rd5 f6 (25... c6 $1 $15 {keeps the upper hand.} 26. Rxd8 Qxd8) 26. Rxd8 {[%mdl 64] [#] Overworked Piece} Qxd8 $4 {[%mdl 8192]} (26... Nxd8 $16 {is tougher.} 27. Rd1 Nf7) 27. Qxe6 $18 Qd2 28. Rf1 Rd8 29. Qe7+ Kg8 30. Qxf6 Qxc2 31. Qxd8+ {Accuracy: White = 53%, Black = 30%.} 1-0

[Event "NOR-ch Women 2019"]
[Site "Bekkestua"]
[Date "2019.03.16"]
[Round "3.4"]
[White "Helliesen, Lykke-Merlot"]
[Black "Kyrkjebo, Marte B."]
[Result "0-1"]
[WhiteElo "1579"]
[BlackElo "1830"]
[Annotator "NA"]
[PlyCount "60"]
[EventDate "2019.03.15"]
[EventType "swiss"]
[EventCountry "NOR"]
[SourceTitle "playchess.com"]
[Source "ChessBase"]
[SourceQuality "1"]
[TimeControl "5400+30"]

1. e4 {[%emt 0:00:32]} e5 {[%emt 0:00:37]} 2. Nf3 {[%emt 0:00:41]} Nc6 {[%emt 0:00:40]} 3. Bc4 {[%emt 0:00:49]} Bc5 {[%emt 0:01:39]} 4. Nc3 {[%emt 0:01:17]} Nf6 {[%emt 0:01:22]} 5. O-O {[%emt 0:00:57]} d6 {[%emt 0:01:11]} 6. h3 {[%emt 0:00:42]} O-O {[%emt 0:03:19]} 7. d3 {[%emt 0:00:52]} h6 {[%emt 0:01:57]} 8. Be3 {[%emt 0:00:50]} Bb6 {[%emt 0:03:40]} 9. Qd2 {[%emt 0:04:02]} Nh7 {[%emt 0:13:07]} 10. Nd5 {[%emt 0:03:52]} Bxe3 {[%emt 0:03:40]} 11. fxe3 {[%emt 0:01:44]} Ne7 {[%emt 0:07:11]} 12. d4 {[%emt 0:04:15]} Nxd5 {[%emt 0:03:59]} 13. Bxd5 $11 {[%emt 0:00:55]} Qe7 {[%emt 0:06:29]} 14. Qc3 {[%emt 0:05:08]} exd4 {[%emt 0:08:04]} 15. Qxd4 {[%emt 0:05:36]} Nf6 {[%emt 0:02:48]} 16. e5 {[%emt 0:04:57]} dxe5 {[%emt 0:01:39]} 17. Nxe5 {[%emt 0:01:05]} c5 {[%emt 0:08:39]} 18. Ng6 {[%emt 0:04:06]} Qc7 {[%emt 0:04:38]} 19. Qd3 {[%emt 0:05:56]} Rd8 {[%emt 0:01:49]} 20. Nf4 {[%emt 0:04:00]} Nxd5 {[%emt 0:03:53]} 21. Nxd5 {[%emt 0:00:57]} Qe5 {[%emt 0:01:12]} 22. Rad1 {[%emt 0:03:13]} Be6 {[%emt 0:01:53]} 23. Ne7+ {[%emt 0:00:49]} Kh8 {[%emt 0:01:58]} 24. Qc3 {[%emt 0:08:42]} Qg5 {[%emt 0:02:03]} 25. Rxd8+ {[%emt 0:06:27]} Rxd8 {[%emt 0:00:32]} 26. Nf5 {[%emt 0:04:50]} Bxf5 {[%emt 0:00:40]} 27. Qxc5 {[%emt 0:01:06]} Be4 {[%emt 0:03:47]} 28. Qxg5 {[%emt 0:01:28]} hxg5 {[%emt 0:00:30]} 29. Rxf7 {[%emt 0:01:10]} Rd2 {[%emt 0:01:01]} 30. Rf8+ {[%emt 0:01:08]} Kh7 {[%emt 0:00:41]} 0-1

[Event "NOR-ch Women 2019"]
[Site "Bekkestua"]
[Date "2019.03.16"]
[Round "3.5"]
[White "Blauhut, Anna"]
[Black "Johnsen, Sylvia"]
[Result "0-1"]
[WhiteElo "1081"]
[BlackElo "1982"]
[Annotator "NA"]
[PlyCount "74"]
[EventDate "2019.03.15"]
[EventType "swiss"]
[EventCountry "NOR"]
[SourceTitle "playchess.com"]
[Source "ChessBase"]
[SourceQuality "1"]
[TimeControl "5400+30"]

1. e4 {[%emt 4:03:19]} e5 2. Nf3 {[%emt 0:00:00]} Nc6 {[%emt 0:01:10]} 3. Bc4 {[%emt 0:00:00]} Bc5 {[%emt 0:01:00]} 4. c3 {[%emt 0:00:00]} Nf6 {[%emt 0:01:07]} 5. d3 {[%emt 0:00:00]} d6 {[%emt 0:00:48]} 6. Bb3 {[%emt 0:00:00]} O-O {[%emt 0:00:53]} 7. O-O {[%emt 0:00:00]} Bg4 {[%emt 0:03:28]} 8. Nbd2 {[%emt 0:00:00]} d5 {[%emt 0:03:24] C54: Giuoco Piano: 4 c3 Nf6, main lines with 5 d4 and 5 d3} (8... Qd7 9. Re1 Rad8 10. Qe2 Kh8 11. Nf1 Nh5 12. h3 f5 13. d4 fxe4 14. Nxe5 dxe5 15. Qxg4 exd4 16. Qxh5 Rf5 {1-0 (32) Asrian,K (2621)-Babujian,L (2439) Yerevan 2008}) 9. Qe2 {[%emt 0:00:00]} d4 {[%emt 0:00:54]} 10. cxd4 $146 {[%emt 0:00:00]} ({Predecessor:} 10. Re1 Bb6 11. h3 Bh5 12. Nf1 Ba5 13. Bd2 Nd7 14. Ng3 Bg6 15. Bc2 Bb6 16. a4 {½-½ (63) Verboven,A (1528)-Beheydt,D (1326) Blankenberge 2014}) 10... Nxd4 {[%emt 0:01:00]} 11. Qd1 {[%emt 0:01:40]} c6 {[%emt 0:07:18]} 12. h3 {[%emt 0:00:00]} Bxf3 {[%emt 0:06:55]} 13. Nxf3 {[%emt 0:00:00]} Nxb3 {[%emt 0:00:44]} 14. Qxb3 {[%emt 0:00:00]} Qc7 {[%emt 0:00:44]} 15. Bd2 {[%emt 0:00:00]} Rfe8 {[%emt 0:04:19]} 16. Rfe1 {[%emt 0:00:00]} Rad8 {[%emt 0:03:28]} 17. Rad1 {[%emt 0:00:00]} h6 {[%emt 0:02:45]} 18. Bc3 {[%emt 0:00:00]} Bd4 {[%emt 0:03:20]} 19. Bxd4 {[%emt 0:00:00]} exd4 {[%emt 0:00:47]} 20. Qc4 {[%emt 0:00:00]} Qb6 {[%emt 0:07:01]} 21. b3 {[%emt 0:00:00]} Re7 {[%emt 0:01:13]} 22. Re2 {[%emt 0:00:00]} (22. Nh4 $11) 22... Nd5 {[%emt 0:03:48]} 23. Nxd4 $2 {[%emt 0:00:00]} (23. Rc2 $11 {and White is okay.} Nc3 24. Rdc1) 23... Nf4 {[%emt 0:00:45]} 24. Qc1 {[%emt 0:00:00]} Nxe2+ {[%emt 0:01:58]} 25. Nxe2 {[%emt 0:00:00]} Qa6 {[%emt 0:00:48]} (25... Qa5 $17 26. a4 Ree8) 26. Qc2 {[%emt 0:00:00]} Qa5 {[%emt 0:03:52]} 27. Nc3 {[%emt 0:00:00]} Qe5 {[%emt 0:02:35]} 28. f3 {[%emt 0:00:00]} ({White should play} 28. Ne2 $1 $15) 28... Qc5+ {[%emt 0:04:47]} 29. Kh1 {[%emt 0:00:00]} Red7 $19 {[%emt 0:00:44]} 30. Qd2 {[%emt 0:00:00]} Qd4 {[%emt 0:02:30]} 31. Qc2 {[%emt 0:00:00]} Qe3 {[%emt 0:01:12]} 32. Qd2 {[%emt 0:00:00]} Qxd2 {[%emt 0:00:57]} 33. Rxd2 {[%emt 0:00:00]} Rxd3 {[%emt 0:00:36]} 34. Rxd3 {[%emt 0:00:00]} Rxd3 {[%emt 0:00:35]} 35. Ne2 {[%emt 0:00:00]} Rd2 {[%emt 0:00:39]} 36. Nc3 {[%emt 0:00:00]} Rc2 {[%emt 0:00:35]} 37. Na4 {[%emt 0:00:00]} b5 {[%emt 0:00:43]} 0-1

[Event "NOR-ch Women 2019"]
[Site "Bekkestua"]
[Date "2019.03.16"]
[Round "3.6"]
[White "Mrachek, Svetlana"]
[Black "Szemes, Eva Weston"]
[Result "1-0"]
[WhiteElo "1628"]
[BlackElo "1335"]
[Annotator "NA"]
[PlyCount "65"]
[EventDate "2019.03.15"]
[EventType "swiss"]
[EventCountry "NOR"]
[SourceTitle "playchess.com"]
[Source "ChessBase"]
[SourceQuality "1"]
[TimeControl "5400+30"]

1. d4 {[%emt 0:00:32]} d5 {[%emt 0:00:38]} 2. Nf3 {[%emt 0:00:32]} Nf6 {[%emt 0:00:44]} 3. Bg5 {[%emt 0:00:38]} e6 {[%emt 0:00:44]} 4. e3 {[%emt 0:00:48]} c5 {[%emt 0:00:59]} 5. c3 {[%emt 0:00:36]} Nc6 {[%emt 0:01:11]} 6. Ne5 {[%emt 0:09:55]} Bd6 {[%emt 0:01:29]} 7. Bb5 {[%emt 0:02:35]} Bd7 {[%emt 0:01:21]} 8. Nxd7 {[%emt 0:02:34]} Qxd7 {[%emt 0:00:54]} 9. Bxf6 {[%emt 0:01:32]} gxf6 {[%emt 0:00:41]} 10. dxc5 {[%emt 0:05:25]} Bxc5 {[%emt 0:00:48]} 11. b4 {[%emt 0:00:52]} Bb6 {[%emt 0:01:09]} 12. Nd2 {[%emt 0:02:03]} a6 {[%emt 0:01:12]} 13. Ba4 {[%emt 0:01:08]} Bc7 {[%emt 0:01:46]} 14. b5 {[%emt 0:10:03]} axb5 {[%emt 0:01:54]} 15. Bxb5 {[%emt 0:00:32]} Rg8 {[%emt 0:03:53]} 16. g3 {[%emt 0:03:35]} Qd6 {[%emt 0:05:06]} 17. a4 {[%emt 0:00:51]} Ke7 {[%emt 0:01:17]} 18. O-O {[%emt 0:08:03]} Rh8 {[%emt 0:02:27]} 19. Nf3 {[%emt 0:03:45]} Rag8 {[%emt 0:00:57]} 20. Nd4 {[%emt 0:03:00]} Nxd4 {[%emt 0:01:07]} 21. cxd4 {[%emt 0:00:32]} h5 {[%emt 0:00:50]} 22. f4 {[%emt 0:02:59]} h4 {[%emt 0:01:37]} 23. Rf3 {[%emt 0:05:08]} hxg3 {[%emt 0:03:34]} 24. Rxg3 {[%emt 0:00:42]} f5 {[%emt 0:13:37]} 25. Ra2 {[%emt 0:15:02]} Qd8 {[%emt 0:00:00]} 26. Rag2 {[%emt 0:02:01]} Rxg3 {[%emt 0:00:00]} 27. Rxg3 {[%emt 0:01:35]} Rg8 {[%emt 0:00:00]} 28. Qh5 {[%emt 0:02:25]} Rxg3+ {[%emt 0:00:00]} 29. hxg3 {[%emt 0:00:37]} Qg8 {[%emt 0:00:00]} 30. Kf2 {[%emt 0:02:03]} Qg6 {[%emt 0:00:00]} 31. Qh8 {[%emt 0:01:08]} Ba5 {[%emt 0:14:36]} 32. Be2 {[%emt 0:04:36]} f6 {[%emt 0:04:21]} 33. Bh5 {[%emt 0:00:51]} 1-0

[Event "NOR-ch Women 2019"]
[Site "Bekkestua"]
[Date "2019.03.16"]
[Round "3.7"]
[White "Hina, Ariza"]
[Black "Lotz, Corinna"]
[Result "1-0"]
[WhiteElo "1594"]
[BlackElo "1334"]
[Annotator "NA"]
[PlyCount "127"]
[EventDate "2019.03.15"]
[EventType "swiss"]
[EventCountry "NOR"]
[SourceTitle "playchess.com"]
[Source "ChessBase"]
[SourceQuality "1"]
[TimeControl "5400+30"]

1. e4 {[%emt 0:00:33]} d5 {[%emt 0:00:51]} 2. exd5 {[%emt 0:00:36]} Qxd5 {[%emt 0:00:34]} 3. Nc3 {[%emt 0:00:37]} Qa5 {[%emt 0:00:40]} 4. Bc4 {[%emt 0:01:09]} Nf6 {[%emt 0:00:55]} 5. d3 {[%emt 0:00:50]} c6 {[%emt 0:00:45]} 6. Bd2 {[%emt 0:01:23]} e6 {[%emt 0:04:00]} 7. Nf3 {[%emt 0:01:04]} Qc7 {[%emt 0:02:07]} 8. O-O {[%emt 0:01:58]} Bd6 {[%emt 0:00:40]} 9. Qe2 {[%emt 0:03:40]} O-O {[%emt 0:05:27]} 10. Ne4 {[%emt 0:03:18]} Nxe4 {[%emt 0:02:47]} 11. Qxe4 {[%emt 0:00:51]} Nd7 {[%emt 0:01:35]} 12. Bc3 {[%emt 0:06:54]} Nc5 {[%emt 0:10:08]} 13. Qg4 {[%emt 0:08:26]} e5 {[%emt 0:01:21]} 14. Qh5 {[%emt 0:02:35]} Be6 {[%emt 0:08:44]} 15. Ng5 {[%emt 0:25:48]} h6 {[%emt 0:02:06]} 16. Nxe6 {[%emt 0:01:04]} Nxe6 {[%emt 0:01:21]} 17. Bxe6 {[%emt 0:00:47]} fxe6 {[%emt 0:00:43]} 18. Rae1 {[%emt 0:01:47]} Rf5 {[%emt 0:01:43]} 19. Qg6 {[%emt 0:01:56]} Rf6 {[%emt 0:01:18]} 20. Qg4 {[%emt 0:01:15]} Re8 {[%emt 0:07:46]} 21. Qh5 {[%emt 0:05:14]} Ref8 {[%emt 0:09:11]} 22. Bxe5 {[%emt 0:01:27]} Rf5 {[%emt 0:03:52]} 23. Bxd6 {[%emt 0:00:54]} Qxd6 {[%emt 0:01:01]} 24. Qe2 {[%emt 0:01:40]} R8f6 {[%emt 0:02:33]} 25. Qe3 {[%emt 0:04:31]} a6 {[%emt 0:03:01]} 26. a4 {[%emt 0:05:45]} Rg6 {[%emt 0:06:10]} 27. Re2 {[%emt 0:03:14]} Qd5 {[%emt 0:02:49]} 28. Qe4 {[%emt 0:01:34]} Rff6 {[%emt 0:05:18]} 29. Qxd5 {[%emt 0:01:29]} exd5 {[%emt 0:01:09]} 30. Rfe1 {[%emt 0:01:13]} Rf7 {[%emt 0:02:25]} 31. Re7 {[%emt 0:01:48]} Rgf6 {[%emt 0:00:47]} 32. f3 {[%emt 0:00:51]} g5 {[%emt 0:02:05]} 33. R1e6 {[%emt 0:02:36]} Kg7 {[%emt 0:01:11]} 34. Rxf7+ {[%emt 0:00:43]} Rxf7 {[%emt 0:00:46]} 35. h3 {[%emt 0:00:52]} h5 {[%emt 0:02:12]} 36. Kf2 {[%emt 0:01:28]} h4 {[%emt 0:01:47]} 37. Ke3 {[%emt 0:01:00]} c5 {[%emt 0:01:20]} 38. Re5 {[%emt 0:01:05]} d4+ {[%emt 0:02:27]} 39. Ke4 {[%emt 0:01:04]} b6 {[%emt 0:01:08]} 40. Rxg5+ {[%emt 0:01:43]} Kh6 {[%emt 0:00:41]} 41. f4 {[%emt 0:03:13]} Re7+ {[%emt 0:01:01]} 42. Re5 {[%emt 0:00:39]} Rg7 {[%emt 0:01:39]} 43. Kf3 {[%emt 0:00:00]} Rg3+ {[%emt 0:00:00]} 44. Kf2 {[%emt 0:00:00]} Rg6 {[%emt 0:00:00]} 45. f5 {[%emt 0:00:00]} Rf6 {[%emt 0:00:00]} 46. Re6 {[%emt 0:00:00]} Kg5 {[%emt 0:00:00]} 47. Rxf6 {[%emt 0:00:00]} Kxf6 {[%emt 0:00:00]} 48. g4 {[%emt 0:00:00]} hxg3+ {[%emt 0:00:00]} 49. Kxg3 {[%emt 0:00:00]} Kxf5 {[%emt 0:00:00]} 50. h4 {[%emt 0:00:00]} b5 {[%emt 0:00:00]} 51. axb5 {[%emt 0:00:00]} axb5 {[%emt 0:00:00]} 52. b3 {[%emt 0:00:00]} Kg6 {[%emt 0:00:00]} 53. Kf4 {[%emt 0:00:00]} Kh5 {[%emt 0:00:00]} 54. Ke5 {[%emt 0:00:00]} Kxh4 {[%emt 0:00:00]} 55. Kd5 {[%emt 0:00:00]} c4 {[%emt 0:00:00]} 56. Kxd4 {[%emt 0:00:00]} cxb3 {[%emt 0:00:00]} 57. cxb3 {[%emt 0:00:00]} Kg5 {[%emt 0:00:00]} 58. Kc5 {[%emt 0:00:00]} b4 {[%emt 0:00:00]} 59. Kxb4 {[%emt 0:00:00]} Kf6 {[%emt 0:00:00]} 60. Kc5 {[%emt 0:00:00]} Ke7 {[%emt 0:00:00]} 61. Kd5 {[%emt 0:00:00]} Kd7 {[%emt 0:00:00]} 62. d4 {[%emt 0:00:00]} Kc7 {[%emt 0:00:00]} 63. Ke6 {[%emt 0:00:00]} Kd8 {[%emt 0:00:00]} 64. d5 {[%emt 0:00:00]} 1-0

[Event "NOR-ch Women 2019"]
[Site "Bekkestua"]
[Date "2019.03.16"]
[Round "3.8"]
[White "Bjerke, Vilde"]
[Black "Eiding, Amanda Mai Irgens"]
[Result "0-1"]
[WhiteElo "1251"]
[BlackElo "1503"]
[Annotator "NA"]
[PlyCount "128"]
[EventDate "2019.03.15"]
[EventType "swiss"]
[EventCountry "NOR"]
[SourceTitle "playchess.com"]
[Source "ChessBase"]
[SourceQuality "1"]
[TimeControl "5400+30"]

1. e4 {[%emt 0:00:32]} c5 {[%emt 0:00:35]} 2. d4 {[%emt 0:00:32]} cxd4 {[%emt 0:00:38]} 3. c3 {[%emt 0:00:36]} dxc3 {[%emt 0:01:01]} 4. Nxc3 {[%emt 0:01:03]} Nc6 {[%emt 0:00:40]} 5. Nf3 {[%emt 0:01:44]} Nf6 {[%emt 0:01:08]} 6. e5 {[%emt 0:01:18]} Ng4 {[%emt 0:03:10]} 7. h3 {[%emt 0:00:46]} Ngxe5 {[%emt 0:00:43]} 8. Nxe5 {[%emt 0:01:32]} Nxe5 {[%emt 0:00:40]} 9. Bf4 {[%emt 0:00:56]} Ng6 {[%emt 0:01:32]} 10. Bh2 {[%emt 0:01:13]} e5 {[%emt 0:02:31]} 11. Bc4 {[%emt 0:00:48]} Bb4 {[%emt 0:03:25]} 12. O-O {[%emt 0:01:05]} Qc7 {[%emt 0:02:01]} 13. Qd5 {[%emt 0:00:39]} O-O {[%emt 0:01:13]} 14. Nb5 {[%emt 0:00:54]} Qc6 {[%emt 0:01:34]} 15. a3 {[%emt 0:05:03]} Qxd5 {[%emt 0:04:50]} 16. Bxd5 {[%emt 0:00:41]} Ba5 {[%emt 0:00:40]} 17. b4 {[%emt 0:01:17]} Bb6 {[%emt 0:01:06]} 18. Nd6 {[%emt 0:01:28]} Rb8 {[%emt 0:01:24]} 19. Rfe1 {[%emt 0:01:22]} Bd4 {[%emt 0:05:18]} 20. Rab1 {[%emt 0:01:18]} b5 {[%emt 0:01:53]} 21. Kf1 {[%emt 0:01:27]} Rb6 {[%emt 0:05:06]} 22. Nf5 {[%emt 0:01:13]} Bb7 {[%emt 0:01:26]} 23. Bb3 {[%emt 0:01:15]} Bc3 {[%emt 0:05:28]} 24. Re3 {[%emt 0:00:58]} Bd2 {[%emt 0:01:22]} 25. Rd3 {[%emt 0:01:05]} Be4 {[%emt 0:01:07]} 26. Rxd2 {[%emt 0:01:44]} Bxb1 {[%emt 0:00:38]} 27. Ne3 {[%emt 0:01:19]} Be4 {[%emt 0:01:36]} 28. Rxd7 {[%emt 0:00:53]} Bc6 {[%emt 0:00:51]} 29. Rxa7 {[%emt 0:00:48]} Ra8 {[%emt 0:01:09]} 30. Rxf7 {[%emt 0:04:02]} Kh8 {[%emt 0:00:52]} 31. Nc2 {[%emt 0:01:59]} Rb7 {[%emt 0:00:59]} 32. Rf5 {[%emt 0:01:31]} Re7 {[%emt 0:01:35]} 33. Bg3 {[%emt 0:01:54]} Be4 {[%emt 0:02:03]} 34. Rh5 {[%emt 0:03:15]} Rc8 {[%emt 0:01:19]} 35. Ne3 {[%emt 0:02:31]} Rc3 {[%emt 0:01:23]} 36. Bd5 {[%emt 0:01:48]} Bd3+ {[%emt 0:01:11]} 37. Kg1 {[%emt 0:00:59]} Rxa3 {[%emt 0:01:28]} 38. Nf5 {[%emt 0:01:54]} Bxf5 {[%emt 0:01:41]} 39. Rxf5 {[%emt 0:00:45]} Ra4 {[%emt 0:01:28]} 40. h4 {[%emt 0:00:48]} Re8 {[%emt 0:01:02]} 41. Bc6 {[%emt 0:02:40]} Rf8 {[%emt 0:02:56]} 42. Rxf8+ {[%emt 0:01:09]} Nxf8 {[%emt 0:00:44]} 43. Bxe5 {[%emt 0:00:51]} Rxb4 {[%emt 0:00:54]} 44. Bd6 {[%emt 0:00:40]} Rb1+ {[%emt 0:00:45]} 45. Kh2 {[%emt 0:01:43]} Ne6 {[%emt 0:00:50]} 46. Kg3 {[%emt 0:01:10]} Kg8 {[%emt 0:01:01]} 47. Bd5 {[%emt 0:00:57]} Kf7 {[%emt 0:00:52]} 48. Kf3 {[%emt 0:01:36]} Rd1 {[%emt 0:02:19]} 49. Bxe6+ {[%emt 0:00:59]} Kxe6 {[%emt 0:01:00]} 50. Bb4 {[%emt 0:01:20]} Rd4 {[%emt 0:01:09]} 51. Bf8 {[%emt 0:01:04]} Kf7 {[%emt 0:01:09]} 52. Bc5 {[%emt 0:01:11]} Rxh4 {[%emt 0:00:16]} 53. g3 {[%emt 0:01:30]} Rc4 {[%emt 0:00:51]} 54. Be3 {[%emt 0:00:43]} b4 {[%emt 0:00:51]} 55. Ke2 {[%emt 0:01:09]} b3 {[%emt 0:00:47]} 56. Kd3 {[%emt 0:00:40]} b2 {[%emt 0:00:59]} 57. Kxc4 {[%emt 0:00:44]} b1=Q {[%emt 0:00:54]} 58. Kd4 {[%emt 0:00:56]} Ke6 {[%emt 0:04:23]} 59. Kc3 {[%emt 0:03:18]} Kf5 {[%emt 0:00:00]} 60. Kd2 {[%emt 0:00:53]} g5 {[%emt 0:00:00]} 61. Ke2 {[%emt 0:01:13]} h5 {[%emt 0:00:50]} 62. Kd2 {[%emt 0:01:11]} h4 {[%emt 0:01:10]} 63. Bxg5 {[%emt 0:02:15]} Kxg5 {[%emt 0:00:19]} 64. gxh4+ {[%emt 0:01:23]} Kxh4 {[%emt 0:00:54]} 0-1